000 00674nam a22002177a 4500
003 UA-OsUOA
001 113969
007 ta
008 20151013b un ||||| |||| 00| 0 ukr d
090 _a94(477)
_bУ45
942 _cMG
040 _aUA-OsUOA
_bukr
_cUA-OsUOA
_dUA-OsUOA
245 _aУкраїнський історик (Колекція Михалюків)
_cГол. ред Любомир Винар
955 _a1
041 _aukr
080 _a94(477)
260 _aК.
246 3 1 _aЖурнал українського історичного товариства
_n
044 _aUS
650 7 _a9 Географія. Біографії. Історія
_2UDC
999 _c359652
_d359652